书目信息 |
| 题名: |
长笛艺术发展脉络与舞台表演研究
|
|
| 作者: | 马波 著 | |
| 分册: | ||
| 出版信息: | 北京 九州出版社 2020.9 |
|
| 页数: | 216页 | |
| 开本: | 24cm | |
| 丛书名: | ||
| 单 册: | ||
| 中图分类: | J621.16 | |
| 科图分类: | ||
| 主题词: | 长笛--吹奏法--研究 | |
| 电子资源: | ||
| ISBN: | 978-7-5108-9518-0 | |
| 000 | 00982nam0 2200229 45 | |
| 001 | 012001001090 | |
| 005 | 20130910142549.0 | |
| 010 | @a978-7-5108-9518-0@dCNY56.00 | |
| 100 | @a20201230d2020 em y0chiy0110 ea | |
| 101 | 0 | @achi |
| 102 | @aCN@b110000 | |
| 105 | @aag z 000yy | |
| 106 | @ar | |
| 200 | 1 | @a长笛艺术发展脉络与舞台表演研究@Achang di yi shu fa zhan mai luo yu wu tai biao yan yan jiu@f马波著 |
| 210 | @a北京@c九州出版社@d2020.9 | |
| 215 | @a216页@c图,照片@d24cm | |
| 330 | @a本书以长笛发展史为起点,从理论上帮助读者对长笛产生了解,帮助读者感受长笛的艺术魅力。全书涵盖了长笛学派、东西方长笛艺术发展与融合、长笛演奏技巧、长笛舞台表演对音色控制、长笛舞台表演的艺术价值体现、长笛舞台表演临场发挥等方面的内容,并结合现代长笛发展的实际,致力于理论与实践结合,夯实读者长笛艺术基础,培养读者长笛的艺术素养。 | |
| 606 | 0 | @a长笛@x吹奏法@x研究 |
| 690 | @aJ621.16@v5 | |
| 701 | 0 | @a马波@Ama bo@4著 |
| 801 | @aCN@b江苏凤凰@c20211018 | |
| 905 | @b1342165-8@dJ621.16@e525@f4 | |
| 长笛艺术发展脉络与舞台表演研究/马波著.-北京:九州出版社,2020.9 |
| 216页:图,照片;24cm |
| ISBN 978-7-5108-9518-0:CNY56.00 |
| 本书以长笛发展史为起点,从理论上帮助读者对长笛产生了解,帮助读者感受长笛的艺术魅力。全书涵盖了长笛学派、东西方长笛艺术发展与融合、长笛演奏技巧、长笛舞台表演对音色控制、长笛舞台表演的艺术价值体现、长笛舞台表演临场发挥等方面的内容,并结合现代长笛发展的实际,致力于理论与实践结合,夯实读者长笛艺术基础,培养读者长笛的艺术素养。 |
| ● |
| 相关链接 |
|
|
|
|
正题名:长笛艺术发展脉络与舞台表演研究
索取号:J621.16/525
 
预约/预借
| 序号 | 登录号 | 条形码 | 馆藏地/架位号 | 状态 | 备注 |
| 1 | 1342165 | 213421652 | 第一样本阅览室/ [索取号:J621.16/525] | 在馆 | |
| 2 | 1342166 | 213421661 | 第一借阅区/ [索取号:J621.16/525] | 在馆 | |
| 3 | 1342167 | 213421670 | 第一借阅区/ [索取号:J621.16/525] | 在馆 | |
| 4 | 1342168 | 213421689 | 第一借阅区/ [索取号:J621.16/525] | 在馆 |